000 00912nam a2200241 4500
001 118765
003 ES-MaACL
005 20251015063123.0
007 t|
008 070214n19201929sp r ||||1| spa d
080 _a159.922.74
100 1 _aPiaget, Jean,
_d1896-1980
_991738
245 1 3 _aEl lenguaje y el pensamiento en el niño /
_cJean Piaget ; con la colaboración de A. Deslex [et al.] ; prefacio de Claparède ; traducción por D. Barnés.
260 _aMadrid :
_bEd. de la Lectura,
_c[192_?]
300 _a255 p. ;
_c24 cm.
490 1 _aColección del Instituto Internacional de Educación. Ginebra
700 1 _aDeslex, A.
_943892
700 0 _aClaparède, Edouard.
_938984
700 1 _aBarnés, Domingo,
_d1879-1940
_925714
830 0 _aColección del Instituto Internacional de Educación. Ginebra
_9218537
852 _aES-MaACL
_jA-4799
_bR.16760
999 _c118765
_d118765